000 00340nam a2200133Ia 4500
008 100328s9999 xx 000 0 und d
082 _b69625
100 _aपाटील दशरथ.
245 _aफुलवा.
260 _bश्रीकल्प.
630 _aफुलवा.
730 _aफुलवा.
942 _cBOOK
999 _c555355
_d555352